[Event "Spring Knockout 2008"]
[Site "SchemingMind.com"]
[Date "2008.07.22"]
[Round "-"]
[White "Efren ramos"]
[Black "smothered mate"]
[Result "1/2-1/2"]
[WhiteCountry "NCA"]
[BlackCountry "POL"]
[WhiteElo "1889"]
[WhiteRD "81"]
[BlackElo "1877"]
[BlackRD "53"]
[GameID "164521"]

1. d4 d5 2. c4 e6 3. Nc3 c5 4. cxd5 exd5 5. Nf3 Nc6 6. g3 Nf6 7. Bg2 cxd4 8. Nxd4 Bc5 9. Nb3 Bb4 10. O-O Bxc3
11. bxc3 O-O 12. Bg5 Be6 13. Nd4 h6 14. Be3 Ne5 15. Rb1 Qd7 16. Bf4 Nc4 17. Qb3 b6 18. Rfd1= Rac8 19. Qb5 Na3 20. Qxd7 Bxd7
21. Ra1= Rxc3 22. Bd6 Rfc8 23. Bb4 Ba4 24. Nb3 Nb5 25. Bxc3= Nxc3 26. Rd2 a5 27. Nd4 Rc4 28. e3 b5 29. f3 b4 30. Nb3 Bxb3
31. axb3= Rc5 32. Bf1 Nd7 33. Kf2 g5 34. Bd3 Ne5 35. Bf5 a4 36. bxa4 Nc4 37. Rd4 b3 38. Re1 Nxa4 39. e4 dxe4 40. Rexe4 b2
41. Rxc4= b1=Q 42. Re8+=
1/2-1/2

[Event "Spring Knockout 2008"]
[Site "SchemingMind.com"]
[Date "2008.07.22"]
[Round "-"]
[White "smothered mate"]
[Black "Efren ramos"]
[Result "0-1"]
[WhiteCountry "POL"]
[BlackCountry "NCA"]
[WhiteElo "1933"]
[WhiteRD "52"]
[BlackElo "1906"]
[BlackRD "78"]
[GameID "164531"]

1. e4 e5 2. Nf3 Nf6 3. d4 Nxe4 4. Bd3 d5 5. Nxe5 Nd7 6. Nxd7 Bxd7 7. O-O Bd6 8. c4 Qh4 9. g3 Qh3 10. cxd5 f5
11. Re1 O-O 12. Bxe4 fxe4 13. Rxe4 Rxf2 14. Kxf2 Qxh2+ 15. Ke3 Rf8 16. Qe2 Qxg3+ 17. Kd2 Rf2 18. Nc3 Bf5 19. Re8+ Kf7 20. b3 Rxe2+
21. Rxe2 Qd3+
0-1

[Event "Spring Knockout 2008"]
[Site "SchemingMind.com"]
[Date "2008.08.14"]
[Round "-"]
[White "Zagloba"]
[Black "ZwaartePaard"]
[Result "0-1"]
[WhiteCountry "POL"]
[BlackCountry "INT"]
[WhiteElo "1903"]
[WhiteRD "97"]
[BlackElo "2188"]
[BlackRD "124"]
[GameID "166716"]

1. e4 d6 2. d4 f5 3. Nc3 Nf6 4. Bd3 fxe4 5. Nxe4 Nxe4 6. Bxe4 g6 7. Qd3 c6 8. c4 Bg7 9. h4 d5 10. cxd5 cxd5
11. Bf3 Nc6 12. h5 Nxd4 13. g4 Qc7 14. hxg6 Qc2 15. Be2 Bxg4 16. Bxg4 Qxd3
0-1

[Event "Spring Knockout 2008"]
[Site "SchemingMind.com"]
[Date "2008.08.14"]
[Round "-"]
[White "ZwaartePaard"]
[Black "Zagloba"]
[Result "1-0"]
[WhiteCountry "INT"]
[BlackCountry "POL"]
[WhiteElo "2188"]
[WhiteRD "124"]
[BlackElo "1903"]
[BlackRD "97"]
[GameID "166724"]

1. e4 d5 2. exd5 Nf6 3. d4 Nxd5 4. c4 Nb6 5. Nf3 g6 6. Nc3 Bg7 7. c5 N6d7 8. Bc4 O-O 9. O-O Nf6 10. Ne5 Nbd7
11. Qb3 Nxe5 12. dxe5 Ng4 13. Rd1 Qe8 14. f4 c6 15. h3 Nh6 16. g4 Rb8 17. Be3 Kh8 18. Rd2 b5 19. cxb6 axb6 20. Bxb6
1-0

[Event "Spring Knockout 2008"]
[Site "SchemingMind.com"]
[Date "2008.08.21"]
[Round "-"]
[White "TRFz"]
[Black "Walrus1985"]
[Result "1-0"]
[WhiteCountry "GBR"]
[BlackCountry "ENG"]
[WhiteElo "2185"]
[WhiteRD "58"]
[BlackElo "1071"]
[BlackRD "103"]
[GameID "167733"]

1. e4 e5 2. d4 Nc6 3. Nf3 Nf6 4. Bc4 Bb4+ 5. c3 Ba5 6. Bg5 h6 7. Bh4 O-O 8. dxe5 Ng4 9. Bxd8 Rxd8 10. Qd5 Re8
11. Qxf7+ Kh7 12. Qxe8 Ncxe5 13. Nxe5 Nxe5 14. Bg8+ Kh8 15. Bf7+ Kh7 16. Qg8#
1-0

[Event "Spring Knockout 2008"]
[Site "SchemingMind.com"]
[Date "2008.08.24"]
[Round "-"]
[White "Walrus1985"]
[Black "TRFz"]
[Result "0-1"]
[WhiteCountry "ENG"]
[BlackCountry "GBR"]
[WhiteElo "1106"]
[WhiteRD "96"]
[BlackElo "2213"]
[BlackRD "61"]
[GameID "167742"]

1. e4 c5 2. Nc3 Nc6 3. Nf3 g6 4. Bb5 Bg7 5. O-O Nf6 6. d4 cxd4 7. Ne2 Nxe4 8. Nexd4 O-O 9. Bg5 Qb6 10. Bc4 Nxd4
11. Nxd4 Bxd4 12. c3 Bxf2+ 13. Rxf2 Qxf2+ 14. Kh1 Nxg5 15. Bd3 b6 16. g4 Bb7+ 17. Qf3 Bxf3#
0-1

[Event "Spring Knockout 2008"]
[Site "SchemingMind.com"]
[Date "2008.09.21"]
[Round "-"]
[White "chesshub"]
[Black "chirality"]
[Result "1-0"]
[WhiteCountry "FRA"]
[BlackCountry "USA"]
[WhiteElo "2477"]
[WhiteRD "64"]
[BlackElo "1517"]
[BlackRD "106"]
[GameID "172004"]

1. e4 e5 2. Nf3 Nc6 3. Bb5 a6 4. Ba4 b5 5. Bb3 d6 6. c3 b4 7. O-O Na5 8. Ba4+ Bd7 9. cxb4 Nc4 10. Bxd7+ Qxd7
11. d4 Nf6 12. Qc2 d5 13. Nxe5 Nxe5 14. dxe5 Nxe4 15. f3 Bxb4 16. fxe4 dxe4 17. Qxe4 Bc5+ 18. Be3 Bxe3+ 19. Qxe3 Qb5 20. Na3 Qxb2
21. Rfb1
1-0

[Event "Spring Knockout 2008"]
[Site "SchemingMind.com"]
[Date "2008.09.20"]
[Round "-"]
[White "chirality"]
[Black "chesshub"]
[Result "0-1"]
[WhiteCountry "USA"]
[BlackCountry "FRA"]
[WhiteElo "1517"]
[WhiteRD "106"]
[BlackElo "2477"]
[BlackRD "64"]
[GameID "172013"]

1. d4 Nf6 2. c4 e6 3. Nc3 Bb4 4. Bd2 O-O 5. g3 c5 6. Nf3 Bxc3 7. Bxc3 Ne4 8. Bg2 Nxc3 9. bxc3 Qa5 10. Qc2 cxd4
11. Nxd4 Nc6 12. Nxc6 bxc6 13. O-O Qc5 14. Qe4 Ba6 15. Rab1 Qxc4 16. Qxc4 Bxc4 17. Rb7 d5 18. Rd1 Rfb8 19. Rdb1 Rxb7 20. Rxb7 Bxa2
21. e4 a5 22. Rb6 a4 23. Bf1 dxe4 24. Ba6 a3 25. Rxc6 f5 26. Bc8 Bd5 27. Bxe6+ Bxe6 28. Rxe6 a2
0-1

[Event "Spring Knockout 2008"]
[Site "SchemingMind.com"]
[Date "2008.09.24"]
[Round "-"]
[White "Efren ramos"]
[Black "esteves101"]
[Result "0-1"]
[WhiteCountry "NCA"]
[BlackCountry "PHI"]
[WhiteElo "1822"]
[WhiteRD "79"]
[BlackElo "2203"]
[BlackRD "70"]
[GameID "172490"]

1. e4 e5 2. Nf3 Nf6 3. Nxe5 Qe7 4. Nf3 Qxe4+ 5. Qe2 Qxe2+ 6. Bxe2 Nc6 7. O-O= Bc5 8. c3 d5 9. d4 Bd6 10. Bg5 Ne4
11. Bh4 Bf5 12. Re1 O-O 13. Nbd2 Rfe8 14. Nxe4 Bxe4 15. Nd2 h6 16. Nxe4 Rxe4 17. Bg3 Rae8 18. Kf1 Bxg3 19. hxg3 Ne7 20. Bd3 Re6
21. Rxe6 fxe6 22. Re1 Kf7
0-1

[Event "Spring Knockout 2008"]
[Site "SchemingMind.com"]
[Date "2008.09.24"]
[Round "-"]
[White "esteves101"]
[Black "Efren ramos"]
[Result "1-0"]
[WhiteCountry "PHI"]
[BlackCountry "NCA"]
[WhiteElo "2203"]
[WhiteRD "70"]
[BlackElo "1822"]
[BlackRD "79"]
[GameID "172507"]

1. e4 e5 2. Nf3 Nc6 3. d4 exd4 4. Nxd4 Nf6 5. Nxc6 bxc6 6. Nc3 Bb4 7. Qd4 Qe7 8. f3 d5 9. Bg5 dxe4 10. O-O-O Bxc3
11. Qxc3 Bd7 12. Bc4 O-O 13. fxe4 h6 14. Bxf6 gxf6 15. Qg3+ Kh7 16. Qxc7 Rfd8 17. Rhf1 Rab8 18. e5 Qb4 19. Bb3 Rbc8 20. Qxa7 Be8
21. Qf2 Rxd1+ 22. Rxd1
1-0

[Event "Spring Knockout 2008"]
[Site "SchemingMind.com"]
[Date "2008.11.01"]
[Round "-"]
[White "Theodoric"]
[Black "ZwaartePaard"]
[Result "0-1"]
[WhiteCountry "ENG"]
[BlackCountry "INT"]
[WhiteElo "2044"]
[WhiteRD "72"]
[BlackElo "2176"]
[BlackRD "114"]
[GameID "176533"]

1. e4 d6 2. d4 Nf6 3. Nc3 g6 4. Bg5 Bg7 5. Qd2 h6 6. Bf4 g5 7. Bg3 Nh5 8. O-O-O Nd7 9. Bc4 c5 10. Nge2 Qa5
11. Qd3 O-O 12. Nd5 Re8 13. Nxe7+ Rxe7 14. Bxd6 Qd8 15. Bxe7 Qxe7 16. dxc5 Qxc5 17. Qd5 Qxd5 18. Bxd5 Nc5 19. Rhe1 Be5 20. g3 Bg4
21. h3 Bxh3 22. b4 Ne6 23. Bb3 a5 24. Rd5 Bc7 25. Red1 Bg4 26. Nd4 a4 27. Nxe6 fxe6 28. Rd7 axb3 29. cxb3 Rc8 30. R1d3 Nf6
31. R7d4 Be2
0-1

[Event "Spring Knockout 2008"]
[Site "SchemingMind.com"]
[Date "2008.10.28"]
[Round "-"]
[White "ZwaartePaard"]
[Black "Theodoric"]
[Result "1/2-1/2"]
[WhiteCountry "INT"]
[BlackCountry "ENG"]
[WhiteElo "2176"]
[WhiteRD "114"]
[BlackElo "2044"]
[BlackRD "72"]
[GameID "176540"]

1. f4 d5 2. Nf3 Nf6 3. e3 Bg4 4. h3 Bxf3 5. Qxf3 Nbd7 6. g4 e5 7. g5 e4 8. Qe2 Ng8 9. Qb5 c6 10. Qxb7 Ne7
11. Qa6 Nc5 12. Qe2 Nf5 13. Qg2 Qa5 14. Nc3 Rb8 15. a3 d4 16. exd4 Nxd4 17. Kd1 Qc7 18. b4 Nce6 19. Qxe4 Qxf4 20. Qxf4 Nxf4
21. Bc4 h6 22. Re1+ Be7 23. Re4 Nde6 24. g6 Nxg6 25. Bxe6 fxe6 26. Rxe6 Nf4 27. Rxc6 Rf8 28. Ne4 Nxh3 29. Bb2 Kd7 30. Ra6 Rb7
31. Bxg7 Nf2+ 32. Nxf2 Rxf2 33. Bd4 Rh2 34. c4 Rc7 35. Be5 Rh1+ 36. Ke2 Rxa1 37. Bxa1 Rxc4 38. Rxa7+ Rc7 39. Rxc7+ Kxc7 40. Bc3 Kc6
41. a4 h5 42. Kf3 Kb6 43. Bd4+ Kb7 44. b5 Bd8 45. Kf4 h4 46. Bf2 h3 47. Kg3 Bh4+ 48. Kxh3 Bxf2 49. Kg4 Kb6=
1/2-1/2

[Event "Spring Knockout 2008"]
[Site "SchemingMind.com"]
[Date "2008.11.20"]
[Round "-"]
[White "chesshub"]
[Black "fouche"]
[Result "1-0"]
[WhiteCountry "FRA"]
[BlackCountry "COL"]
[WhiteElo "2442"]
[WhiteRD "67"]
[BlackElo "1558"]
[BlackRD "58"]
[GameID "179736"]

1. e4 c6 2. d4 d5 3. e5 Bf5 4. Nf3 e6 5. Be2 Bb4+ 6. c3 Ba5 7. O-O Ne7 8. Nh4 Bg6 9. Bg5 Qd7 10. Nxg6 Nxg6
11. Be3 Qe7 12. Nd2 Nd7 13. Bd3 f5 14. g3 Bb6 15. h4 O-O-O 16. Bg5 Qf7 17. Bxd8 Rxd8 18. a4 Ngf8 19. a5 Bc7 20. a6 b6
21. Qc2 h6 22. c4 g5 23. cxd5 exd5 24. Qxc6 Nb8 25. Qb7+ Kd7 26. Rfc1 Rc8 27. Bb5+ Kd8 28. Qxa7 Ne6 29. Qb7 Nxa6 30. Qxd5+
1-0

[Event "Spring Knockout 2008"]
[Site "SchemingMind.com"]
[Date "2008.11.20"]
[Round "-"]
[White "fouche"]
[Black "chesshub"]
[Result "0-1"]
[WhiteCountry "COL"]
[BlackCountry "FRA"]
[WhiteElo "1558"]
[WhiteRD "58"]
[BlackElo "2442"]
[BlackRD "67"]
[GameID "179740"]

1. d4 Nf6 2. c4 e6 3. Nc3 Bb4 4. Nf3 b6 5. e3 Bb7 6. Bd3 O-O 7. O-O d5 8. a3 Bd6 9. b4 dxc4 10. Bxc4 Nbd7
11. Re1 a5 12. bxa5 Rxa5 13. e4 e5 14. dxe5 Nxe5 15. Be2 Nxe4 16. Bb2 Nxf3+ 17. Bxf3 Bxh2+ 18. Kxh2 Qh4+ 19. Kg1 Qxf2+ 20. Kh2 Nxc3
21. Bxc3 Rh5+
0-1

[Event "Spring Knockout 2008"]
[Site "SchemingMind.com"]
[Date "2008.12.06"]
[Round "-"]
[White "TRFz"]
[Black "esteves101"]
[Result "1-0"]
[WhiteCountry "GBR"]
[BlackCountry "PHI"]
[WhiteElo "2272"]
[WhiteRD "67"]
[BlackElo "2166"]
[BlackRD "80"]
[GameID "181907"]

1. d4 Nf6 2. c4 e6 3. Nc3 Bb4 4. a3 Bxc3+ 5. bxc3 O-O 6. f3 d5 7. cxd5 exd5 8. e3 Bf5 9. Ne2 Re8 10. Ng3 Bg6
11. Bd3 Bxd3 12. Qxd3 Qd6 13. Rb1 Qc6 14. O-O Nbd7 15. Re1 Nb6 16. e4 dxe4 17. fxe4 Nc4 18. Bg5 Nd7 19. Nf5 Kh8 20. Ne7 Qa6
21. Qh3 Nf6 22. e5 Ng8 23. Nxg8 Kxg8 24. Qg3 Qc6 25. Bf6 g6 26. Qg5 Re6 27. Rf1 Qe8 28. Rxb7 Rc6 29. d5 Rc5 30. Qh6 Qf8
31. Qh4 Na5 32. e6 Rc4 33. Bd4 f5 34. e7 Qe8 35. Rxa7 Rxa7 36. Rxf5 Ra8 37. Rf8+ Qxf8 38. exf8=Q+ Rxf8 39. Qe4 Rxd4 40. Qxd4 Nb3
41. Qe3 Rf7 42. h3 h5 43. Qe8+ Kg7 44. Qa4 Nc1 45. Qc2
1-0

[Event "Spring Knockout 2008"]
[Site "SchemingMind.com"]
[Date "2008.12.06"]
[Round "-"]
[White "esteves101"]
[Black "TRFz"]
[Result "0-1"]
[WhiteCountry "PHI"]
[BlackCountry "GBR"]
[WhiteElo "2166"]
[WhiteRD "80"]
[BlackElo "2272"]
[BlackRD "67"]
[GameID "181917"]

1. e4 c5 2. Nc3 Nc6 3. Nf3 g6 4. Bc4 Bg7 5. O-O d6 6. d3 Nf6 7. Bf4 O-O 8. a4 Nh5 9. Bg5 Bg4 10. h3 Bxf3
11. Qxf3 Bxc3 12. bxc3 Ne5 13. Qe2 Nxc4 14. dxc4 Qc7 15. Rfd1 Rfe8 16. Qf3 Rab8 17. Rd5 b6 18. Rad1 Qc6 19. Bh6 Ng7 20. Ra1 Ne6
21. Qe2 f6 22. Qe3 Nd8 23. Bf4 Qc8 24. Rdd1 Qe6 25. Rd5 Nc6 26. Qd3 Kg7 27. Rd1 Qc8 28. Kh1 Qa6 29. Ra1 Na5 30. h4 Qxc4
31. Qf3 Nc6 32. h5 Red8 33. h6+ Kg8 34. Qe3 f5 35. f3 Rf8 36. Bg3 fxe4 37. fxe4 Rf6 38. Rad1 Qxa4 39. Qe2 Rbf8 40. Kh2 b5
41. Rb1 Re6 42. Re1 Qc4 43. Qxc4 bxc4 44. e5 Rf5 45. exd6 Rxe1
0-1

[Event "Spring Knockout 2008"]
[Site "SchemingMind.com"]
[Date "2009.03.01"]
[Round "-"]
[White "chesshub"]
[Black "ZwaartePaard"]
[Result "1-0"]
[WhiteCountry "FRA"]
[BlackCountry "INT"]
[WhiteElo "2457"]
[WhiteRD "73"]
[BlackElo "2202"]
[BlackRD "119"]
[GameID "194095"]

1. e4 c5 2. Nf3 d6 3. d4 cxd4 4. Nxd4 Nf6 5. Nc3 a6 6. Bg5 e6 7. f4 Qc7 8. Qf3 b5 9. Bxf6 gxf6 10. a3 Bb7
11. Be2 h5 12. O-O-O Nd7 13. f5 e5 14. Nb3 Rc8 15. Kb1 Nb6 16. Bd3 h4 17. g4 Bh6 18. Qf2 Qd8 19. Na2 Bg5 20. Rhe1 h3
21. Re2 Qc7 22. Ka1 Na4 23. Nb4 Nc5 24. Qf3 Nxb3+ 25. cxb3 Qb6 26. Na2 Kf8 27. Nc3 Kg7 28. Kb1 b4 29. axb4 Qxb4 30. Bc4 a5
31. Rc2 Rh4 32. Qe2 Bf4 33. Nd5 Bxd5 34. Rxd5 Qb6 35. Rd3 Qb4 36. Rdc3 Rc6 37. Bxf7 Rxc3 38. Rxc3 Bxh2 39. Rc7 Qb6 40. Rd7 Qg1+
41. Ka2 Kh6 42. Bg8 Kg5 43. Qd2+ Kxg4 44. Rg7+ Kf3 45. Rxg1 Bxg1 46. Qe1 Bf2 47. Qh1+ Kf4 48. Ka3 h2 49. Ka4 Rh3 50. Kxa5 Bg1
51. b4 Rd3 52. Kb5
1-0

[Event "Spring Knockout 2008"]
[Site "SchemingMind.com"]
[Date "2009.03.01"]
[Round "-"]
[White "ZwaartePaard"]
[Black "chesshub"]
[Result "1/2-1/2"]
[WhiteCountry "INT"]
[BlackCountry "FRA"]
[WhiteElo "2202"]
[WhiteRD "119"]
[BlackElo "2457"]
[BlackRD "73"]
[GameID "194099"]

1. d4 Nf6 2. c4 e6 3. Nc3 Bb4 4. f3 O-O 5. e4 d5 6. e5 Nfd7 7. cxd5 exd5 8. a3 Bxc3+ 9. bxc3 f6 10. exf6 Qxf6
11. Ne2 Nb6 12. Nf4 Nc6 13. Be2 Bf5 14. O-O Na5 15. a4 Qc6 16. Ra3 Nac4 17. Ra2 a5 18. Nd3 Rae8 19. Nc5 Nd7 20. Bxc4 dxc4
21. Nxd7 Qxd7 22. Bg5 Qe6 23. Qc1 Bd3 24. Rd1 Qg6 25. Bf4 Re2 26. Rxe2 Bxe2 27. Rd2 Bxf3 28. Bxc7 Bc6 29. Re2 Rf5 30. Qb1 Qh5
31. Qe1 h6 32. h3 Rg5 33. Kh2 Qg6 34. Qf1 Bxa4 35. Rf2 Bb3 36. h4 Rg4 37. Rf8+ Kh7 38. g3 Re4 39. Be5 a4 40. Rf7 Re2+
41. Kh1 Re1 42. Rxg7+ Qxg7 43. Qxe1 Qg4 44. Kh2 a3 45. Qf1 Kg8 46. Bd6 a2 47. Qf8+ Kh7 48. Qf7+ Qg7 49. Qf5+=
1/2-1/2

[Event "Spring Knockout 2008"]
[Site "SchemingMind.com"]
[Date "2009.06.25"]
[Round "-"]
[White "TRFz"]
[Black "chesshub"]
[Result "1/2-1/2"]
[WhiteCountry "GBR"]
[BlackCountry "FRA"]
[WhiteElo "2246"]
[WhiteRD "76"]
[BlackElo "2482"]
[BlackRD "70"]
[GameID "209903"]

1. e4 c5 2. Nc3 Nc6 3. f4 g6 4. Nf3 Bg7 5. Bc4 e6 6. f5 Nge7 7. fxe6 fxe6 8. d3 d5 9. Bb3 b5 10. O-O c4
11. dxc4 dxc4 12. Qxd8+ Kxd8 13. Nxb5 cxb3 14. axb3 Bd7 15. Ng5 Kc8 16. Be3 Bxb2 17. Rad1 e5 18. Nd6+ Kc7 19. Nb5+ Kc8 20. Nd6+ Kc7
21. Nb5+=
1/2-1/2

[Event "Spring Knockout 2008"]
[Site "SchemingMind.com"]
[Date "2009.06.25"]
[Round "-"]
[White "chesshub"]
[Black "TRFz"]
[Result "1-0"]
[WhiteCountry "FRA"]
[BlackCountry "GBR"]
[WhiteElo "2482"]
[WhiteRD "70"]
[BlackElo "2246"]
[BlackRD "76"]
[GameID "209906"]

1. c4 Nf6 2. Nf3 g6 3. Nc3 Bg7 4. e4 c5 5. d4 cxd4 6. Nxd4 Nc6 7. Be3 O-O 8. Be2 b6 9. O-O Bb7 10. f3 e6
11. Qd2 d5 12. Nxc6 Bxc6 13. cxd5 exd5 14. e5 Ne8 15. f4 f6 16. Rad1 fxe5 17. Nxd5 Qxd5 18. Qxd5+ Bxd5 19. Rxd5 exf4 20. Bxf4 Nf6
21. Rdd1 Ne4 22. g3 g5 23. Bc4+ Kh8 24. Bc1 Rxf1+ 25. Kxf1 Rf8+= 26. Ke2 Re8 27. Kf3 g4+ 28. Kg2 Rf8 29. Rd5 h6 30. Bd3 Re8
31. b3
1-0